[Event "Titled Tuesday intern op 16th Apr Early"]
[Site "Chess.com INT"]
[Date "2024.04.16"]
[Round "11"]
[White "Kamsky, Gata"]
[Black "Bortnyk, Olexandr"]
[Result "0-1"]
[WhiteElo "2610"]
[BlackElo "2608"]
[PlyCount "78"]
[EventDate "2024.04.16"]
[EventType "swiss (blitz)"]
[EventRounds "11"]
[EventCountry "USA"]
[SourceTitle "CB17_2024"]
[SourceDate "2024.04.24"]
[SourceVersion "1"]
[SourceVersionDate "2024.04.24"]
[SourceQuality "1"]

1. e4 Nf6 2. e5 Nd5 3. d4 d6 4. Nf3 dxe5 5. Nxe5 c6 6. Be2 Bf5 7. 0-0 Nd7 8. Nf3 e6 9. c4 N5f6 10. Nc3 Bd6 11. Nh4 Bg6 12. g3 0-0 13. Re1 e5 14. Be3 exd4 15. Bxd4 Qc7 16. Nxg6 hxg6 17. Qc2 Rad8 18. Rad1 a5 19. a3 Bc5 20. Bxc5 Nxc5 21. b4 Ne6 22. Ne4 Nd4 23. Nxf6+ gxf6 24. Qb2 Qe5 25. Kg2 axb4 26. axb4 Nf3 27. Qxe5 Nxe1+ 28. Rxe1 fxe5 29. Bf3 Rfe8 30. b5 Re6 31. bxc6 bxc6 32. c5 Rd4 33. Rc1 e4 34. Be2 Re5 35. Ba6 Rdd5 36. Bb7 Rxc5 37. Rd1 Rc2 38. Kg1 e3 39. fxe3 Rxe3 0-1

[Event "Titled Tuesday intern op 16th Apr Early"]
[Site "Chess.com INT"]
[Date "2024.04.16"]
[Round "3"]
[White "Kamsky, Gata"]
[Black "Crevatin, Leo"]
[Result "1-0"]
[WhiteElo "2610"]
[BlackElo "2260"]
[PlyCount "117"]
[EventDate "2024.04.16"]
[EventType "swiss (blitz)"]
[EventRounds "11"]
[EventCountry "USA"]
[SourceTitle "CB17_2024"]
[SourceDate "2024.04.24"]
[SourceVersion "1"]
[SourceVersionDate "2024.04.24"]
[SourceQuality "1"]

1. e4 c5 2. Nf3 d6 3. d4 cxd4 4. Nxd4 Nf6 5. Nc3 a6 6. a4 g6 7. Be2 Bg7 8. 0-0 0-0 9. Be3 Nc6 10. Qd2 Bd7 11. Rfd1 Rc8 12. f3 Re8 13. Nxc6 Bxc6 14. a5 Nd7 15. Bd4 Ne5 16. Kh1 Qc7 17. Bb6 Qb8 18. Ra2 Bd7 19. Nd5 Be6 20. b3 Bxd5 21. exd5 Nd7 22. Bd4 Bxd4 23. Qxd4 Nf6 24. c4 e5 25. dxe6 Rxe6 26. Bf1 Rce8 27. Rad2 h5 28. b4 Nh7 29. Qf4 Rf6 30. Qg3 Qc8 31. Rxd6 Qf5 32. Rxf6 Qxf6 33. Qf2 Ng5 34. Qd4 Qe7 35. b5 Qb4 36. Qa1 Ne6 37. Rb1 Qc5 38. Re1 Rd8 39. Qb2 Rd6 40. h3 Rd8 41. Re5 Qc7 42. b6 Qd6 43. Rd5 Qe7 44. Qe5 Rc8 45. Kh2 h4 46. Bd3 Rc6 47. Qb8+ Kg7 48. Qe5+ Kg8 49. Kh1 Qb4 50. Qe4 Qe7 51. Re5 Qf6 52. Qe3 Rd6 53. Rd5 Rc6 54. Kh2 Nf4 55. Rd4 Ne6 56. Rd7 Rc5 57. Rxb7 Rg5 58. Rd7 Nf4 59. Bf1 1-0

[Event "Titled Tuesday intern op 02nd Apr Early"]
[Site "Chess.com INT"]
[Date "2024.04.02"]
[Round "6"]
[White "Gao, Rui"]
[Black "Kamsky, Gata"]
[Result "0-1"]
[WhiteElo "2534"]
[BlackElo "2610"]
[PlyCount "124"]
[EventDate "2024.04.02"]
[EventType "swiss (blitz)"]
[EventRounds "11"]
[EventCountry "USA"]
[SourceTitle "CB15_2024"]
[SourceDate "2024.04.10"]
[SourceVersion "1"]
[SourceVersionDate "2024.04.10"]
[SourceQuality "1"]

1. e4 e5 2. Nf3 Nc6 3. Bc4 Nf6 4. d4 exd4 5. 0-0 Nxe4 6. Re1 d5 7. Bxd5 Qxd5 8. Nc3 Qa5 9. Nxe4 Be6 10. Neg5 0-0-0 11. Nxe6 fxe6 12. Rxe6 Bd6 13. Bg5 Rde8 14. Qe2 Rxe6 15. Qxe6+ Kb8 16. Re1 a6 17. a3 Rf8 18. Bh4 Qb5 19. b4 d3 20. c4 Qa4 21. c5 Bf4 22. Be7 Re8 23. Qd7 Rxe7 24. Rxe7 d2 25. Nxd2 Ka7 26. Nf1 Qxa3 27. Re4 Be5 28. f4 Bf6 29. Qxc7 Qd3 30. Qb6+ Kb8 31. Re8+ Bd8 32. h3 Qd7 33. Rxd8+ Qxd8 34. Qxd8+ Nxd8 35. Ne3 Kc7 36. Kf2 Kc6 37. Kf3 Kb5 38. Nc2 Nc6 39. Ke4 Nxb4 40. Nd4+ Kxc5 41. Ne6+ Kc4 42. Nxg7 a5 43. Nf5 a4 44. Nd6+ Kc3 45. f5 Nc6 46. f6 Nd8 47. Nxb7 Nxb7 48. Kd5 Nd8 49. Kd6 a3 50. Ke7 a2 51. Kxd8 a1Q 52. f7 Qf1 53. Ke7 Qe2+ 54. Kf6 Qf2+ 55. Ke7 Qe3+ 56. Kd7 Qf4 57. Ke7 Qe5+ 58. Kd7 Qf6 59. Ke8 Qe6+ 60. Kf8 Kd4 61. h4 Ke5 62. h5 Kf6 0-1

[Event "Titled Tuesday intern op 02nd Apr Late"]
[Site "Chess.com INT"]
[Date "2024.04.02"]
[Round "2"]
[White "Kamsky, Gata"]
[Black "Ghevondyan, Arman"]
[Result "1/2-1/2"]
[WhiteElo "2610"]
[BlackElo "2216"]
[PlyCount "151"]
[EventDate "2024.04.02"]
[EventType "swiss (blitz)"]
[EventRounds "11"]
[EventCountry "USA"]
[SourceTitle "CB15_2024"]
[SourceDate "2024.04.10"]
[SourceVersion "1"]
[SourceVersionDate "2024.04.10"]
[SourceQuality "1"]

1. e4 c5 2. Nf3 Nc6 3. Bb5 g6 4. Bxc6 bxc6 5. 0-0 Bg7 6. Re1 Rb8 7. e5 f6 8. d3 fxe5 9. Nxe5 Nf6 10. d4 cxd4 11. Qxd4 0-0 12. Qc4+ e6 13. Nc3 Nd5 14. Nxd5 cxd5 15. Qe2 d6 16. Nc6 Qc7 17. Nxb8 Qxb8 18. c3 e5 19. Bg5 Rf7 20. Rad1 Be6 21. Qd2 Qb6 22. Be3 Qa6 23. b3 Qc6 24. f3 Bf8 25. Rc1 Be7 26. Bg5 Bf8 27. Kh1 Bf5 28. Rcd1 Be6 29. Qe3 Qa6 30. Rd2 Qa5 31. Rc1 Bg7 32. h3 Qa3 33. Rcd1 Qa5 34. c4 d4 35. Qe4 h6 36. Bh4 Kh7 37. Qc6 Bf8 38. Bg3 Qd8 39. Kh2 h5 40. Qe4 Bf5 41. Qd5 Qe7 42. Re1 Be6 43. Qe4 Bf5 44. Qd5 Be6 45. Qe4 Bh6 46. Rxd4 exd4 47. Qxe6 Qxe6 48. Rxe6 Rd7 49. Re4 Be3 50. Bf4 d5 51. cxd5 Bxf4+ 52. Rxf4 Rxd5 53. Re4 d3 54. Re1 d2 55. Rd1 g5 56. Kg3 Kg6 57. Kf2 g4 58. hxg4 hxg4 59. fxg4 Kg5 60. Ke3 Kxg4 61. Rxd2 Ra5 62. Rd4+ Kg3 63. Ra4 Rxa4 64. bxa4 Kxg2 65. a5 Kg3 66. a6 Kg4 67. Ke4 Kg5 68. Ke5 Kg6 69. Kd6 Kf6 70. Kc7 Ke7 71. Kb7 Kd7 72. Kxa7 Kc7 73. a3 Kc8 74. Kb6 Kb8 75. a7+ Ka8 76. a4 1/2-1/2

[Event "Titled Tuesday intern op 02nd Apr Early"]
[Site "Chess.com INT"]
[Date "2024.04.02"]
[Round "3"]
[White "Kamsky, Gata"]
[Black "Mikhalchenko, Petr"]
[Result "1/2-1/2"]
[WhiteElo "2610"]
[BlackElo "2322"]
[PlyCount "62"]
[EventDate "2024.04.02"]
[EventType "swiss (blitz)"]
[EventRounds "11"]
[EventCountry "USA"]
[SourceTitle "CB15_2024"]
[SourceDate "2024.04.10"]
[SourceVersion "1"]
[SourceVersionDate "2024.04.10"]
[SourceQuality "1"]

1. e4 e5 2. Nf3 Nc6 3. Bb5 a6 4. Ba4 d6 5. c3 Bd7 6. 0-0 Nge7 7. d4 h6 8. c4 Ng6 9. Nc3 Be7 10. d5 Nb8 11. Be3 Bg5 12. Qd2 Bxe3 13. Qxe3 Qe7 14. b4 a5 15. a3 Bxa4 16. Nxa4 Nd7 17. c5 axb4 18. axb4 0-0 19. c6 bxc6 20. dxc6 Nf6 21. Nc3 Rxa1 22. Rxa1 d5 23. Nxd5 Nxd5 24. exd5 Qxb4 25. Nxe5 Qb2 26. Re1 Re8 27. f4 f6 28. Re2 Qa1+ 29. Re1 Qb2 30. Re2 Qa1+ 31. Re1 Qb2 1/2-1/2

[Event "Titled Tuesday intern op 02nd Apr Late"]
[Site "Chess.com INT"]
[Date "2024.04.02"]
[Round "9"]
[White "Kamsky, Gata"]
[Black "Pakleza, Zbigniew"]
[Result "1-0"]
[WhiteElo "2610"]
[BlackElo "2489"]
[PlyCount "91"]
[EventDate "2024.04.02"]
[EventType "swiss (blitz)"]
[EventRounds "11"]
[EventCountry "USA"]
[SourceTitle "CB15_2024"]
[SourceDate "2024.04.10"]
[SourceVersion "1"]
[SourceVersionDate "2024.04.10"]
[SourceQuality "1"]

1. e4 d6 2. d4 Nf6 3. Nc3 c6 4. Nf3 Bg4 5. Be2 e6 6. 0-0 d5 7. Ne5 Bxe2 8. Qxe2 Be7 9. Rd1 0-0 10. Nf3 Nbd7 11. Bf4 Bb4 12. e5 Ne8 13. Nb1 Be7 14. Nbd2 c5 15. c3 Rc8 16. Nf1 Qb6 17. Ng3 Nc7 18. h4 cxd4 19. Nxd4 Bxh4 20. Nh5 g6 21. Rd3 Qa6 22. Bh6 Rfd8 23. Rad1 Ne8 24. Qg4 Be7 25. Qf4 f5 26. exf6 Nexf6 27. Nxf6+ Bxf6 28. Nf3 Re8 29. Qg4 Rc4 30. Qh3 Ne5 31. Nxe5 Bxe5 32. Re3 Bg7 33. Rxd5 Qxa2 34. Bxg7 Qa1+ 35. Kh2 Qa4 36. Bf6 exd5 37. Qh6 Rc7 38. Bd4 Rf7 39. Rg3 Qc6 40. f4 Qe6 41. Rg5 Qe4 42. f5 Re5 43. fxg6 hxg6 44. Rxe5 Qf4+ 45. Qxf4 Rxf4 46. Rxd5 1-0

[Event "Titled Tuesday intern op 02nd Apr Late"]
[Site "Chess.com INT"]
[Date "2024.04.02"]
[Round "4"]
[White "Koksal, Ege"]
[Black "Kamsky, Gata"]
[Result "1/2-1/2"]
[WhiteElo "2297"]
[BlackElo "2610"]
[PlyCount "88"]
[EventDate "2024.04.02"]
[EventType "swiss (blitz)"]
[EventRounds "11"]
[EventCountry "USA"]
[SourceTitle "CB15_2024"]
[SourceDate "2024.04.10"]
[SourceVersion "1"]
[SourceVersionDate "2024.04.10"]
[SourceQuality "1"]

1. c4 e5 2. Nc3 Nc6 3. Nf3 Nf6 4. e3 Bb4 5. Qc2 Bxc3 6. Qxc3 Qe7 7. Be2 0-0 8. 0-0 d5 9. d4 exd4 10. Nxd4 Nxd4 11. Qxd4 c5 12. Qh4 dxc4 13. Bxc4 Be6 14. b3 Bxc4 15. Qxc4 Rfd8 16. Bb2 Ne4 17. Rfd1 b6 18. f3 Ng5 19. e4 Ne6 20. Rd5 Nf4 21. Rf5 Ne6 22. Rd5 Nc7 23. Qc3 f6 24. Rdd1 Qe6 25. Qe3 Nd5 26. Qe2 Nb4 27. Bc3 Nc6 28. g3 f5 29. e5 Rxd1+ 30. Rxd1 Rd8 31. Kg2 Kf7 32. Rxd8 Nxd8 33. Qa6 Qd7 34. Qc4+ Ne6 35. f4 b5 36. Qe2 g6 37. Kh3 a6 38. Qf3 h5 39. Qa8 Qd3 40. Qb7+ Kf8 41. Qc8+ Ke7 42. Qb7+ Kf8 43. Qc8+ Ke7 44. Qb7+ Kf8 1/2-1/2

[Event "Karlsruhe Grenke op"]
[Site "Karlsruhe"]
[Date "2024.03.29"]
[Round "3"]
[White "Langheinrich, Ferenc"]
[Black "Kamsky, Gata"]
[Result "0-1"]
[WhiteElo "2338"]
[BlackElo "2616"]
[PlyCount "86"]
[EventDate "2024.03.28"]
[EventType "swiss"]
[EventRounds "9"]
[EventCountry "GER"]
[SourceTitle "CB14_2024"]
[SourceDate "2024.04.01"]
[SourceVersion "1"]
[SourceVersionDate "2024.04.01"]
[SourceQuality "1"]

1. b3 d5 2. Bb2 Bf5 3. d3 e6 4. Nd2 Nf6 5. g3 h6 6. Bg2 c6 7. e4 Bh7 8. Qe2 a5 9. a3 Be7 10. Nh3 0-0 11. 0-0 Nbd7 12. e5 Ne8 13. f4 Nc7 14. Kh1 f6 15. exf6 Bxf6 16. Bxf6 Qxf6 17. Nf3 Qc3 18. Nf2 Bf5 19. Rfe1 a4 20. b4 Rae8 21. Kg1 Nb5 22. Qd2 Qxd2 23. Nxd2 Nd4 24. Rac1 e5 25. g4 Bh7 26. f5 h5 27. h3 hxg4 28. hxg4 g6 29. c3 Nb5 30. c4 dxc4 31. dxc4 Nd4 32. Nde4 gxf5 33. Nd6 Re6 34. Nxb7 fxg4 35. Rcd1 Bf5 36. c5 Rg6 37. Nd6 Nf3+ 38. Bxf3 gxf3+ 39. Kf1 Be6 40. Re3 Bd5 41. Rc3 Nf6 42. b5 Ng4 43. b6 Nxf2 0-1

[Event "Titled Tuesday intern op 12th Mar Early"]
[Site "Chess.com INT"]
[Date "2024.03.12"]
[Round "11"]
[White "Kamsky, Gata"]
[Black "Parra Gomez, Adrian"]
[Result "1-0"]
[WhiteElo "2616"]
[BlackElo "2208"]
[PlyCount "81"]
[EventDate "2024.03.12"]
[EventType "swiss (blitz)"]
[EventRounds "11"]
[EventCountry "USA"]
[SourceTitle "CB12_2024"]
[SourceDate "2023.10.01"]
[SourceVersion "1"]
[SourceVersionDate "2023.10.01"]
[SourceQuality "1"]

1. e4 c5 2. Nf3 d6 3. d4 cxd4 4. Nxd4 Nf6 5. Nc3 a6 6. a4 e5 7. Nf3 Be7 8. Bc4 Be6 9. Bb3 0-0 10. 0-0 Nc6 11. Bg5 Nd7 12. Be3 Rc8 13. Nd2 Nc5 14. Bxc5 dxc5 15. Bxe6 fxe6 16. Nc4 Qc7 17. Qg4 Rf6 18. h4 Nd4 19. g3 Nxc2 20. Rad1 Nd4 21. a5 Rcf8 22. Rd3 Rg6 23. Qh5 Bf6 24. Kg2 Qf7 25. Qd1 Nc6 26. Rd7 Qe8 27. h5 Rg5 28. Rxb7 Nd4 29. Rb6 Rxh5 30. Rxa6 Qg6 31. Rd6 Qh6 32. Rh1 Rxh1 33. Qxh1 Qxh1+ 34. Kxh1 h5 35. Kg2 Rb8 36. a6 Nb5 37. Rb6 Rxb6 38. Nxb6 Na7 39. Nd7 Be7 40. Nxe5 Bd6 41. Nc4 1-0

[Event "Titled Tuesday intern op 12th Mar Late"]
[Site "Chess.com INT"]
[Date "2024.03.12"]
[Round "10"]
[White "Mendes, Aaron Reeve"]
[Black "Kamsky, Gata"]
[Result "0-1"]
[WhiteElo "2309"]
[BlackElo "2616"]
[PlyCount "66"]
[EventDate "2024.03.12"]
[EventType "swiss (blitz)"]
[EventRounds "11"]
[EventCountry "USA"]
[SourceTitle "CB12_2024"]
[SourceDate "2023.10.01"]
[SourceVersion "1"]
[SourceVersionDate "2023.10.01"]
[SourceQuality "1"]

1. e4 e5 2. Nf3 Nc6 3. d4 exd4 4. Nxd4 Bc5 5. Nb3 Bb6 6. Nc3 Nge7 7. Qe2 0-0 8. Be3 f5 9. 0-0-0 f4 10. Bxb6 axb6 11. f3 d6 12. Kb1 Be6 13. Nd4 Nxd4 14. Rxd4 Nc6 15. Rd1 Ne5 16. Qe1 Qe7 17. Be2 c6 18. a3 b5 19. Qd2 Rad8 20. Qc1 Rf6 21. Rd2 Kh8 22. h3 Bg8 23. Qe1 Ra8 24. Qd1 Qc7 25. Re1 Qa5 26. Rxd6 b4 27. Rxf6 bxc3 28. Rf5 cxb2 29. Qd4 Ba2+ 30. Kxb2 Qxa3+ 31. Ka1 Bb3+ 32. Kb1 Qa2+ 33. Kc1 Qxc2# 0-1

[Event "Titled Tuesday intern op 12th Mar Late"]
[Site "Chess.com INT"]
[Date "2024.03.12"]
[Round "4"]
[White "Weishaeutel, Moritz"]
[Black "Kamsky, Gata"]
[Result "1-0"]
[WhiteElo "2378"]
[BlackElo "2616"]
[PlyCount "43"]
[EventDate "2024.03.12"]
[EventType "swiss (blitz)"]
[EventRounds "11"]
[EventCountry "USA"]
[SourceTitle "CB12_2024"]
[SourceDate "2023.10.01"]
[SourceVersion "1"]
[SourceVersionDate "2023.10.01"]
[SourceQuality "1"]

1. e4 c5 2. d4 cxd4 3. c3 Nf6 4. e5 Nd5 5. Nf3 Nc6 6. Bc4 Nb6 7. Bb3 d5 8. exd6 Qxd6 9. 0-0 Be6 10. Na3 a6 11. Bxe6 Qxe6 12. Nxd4 Nxd4 13. Qxd4 Rd8 14. Qh4 h5 15. Nc2 g6 16. Re1 Qg4 17. Qf6 Rd1 18. Qxh8 Qe2 19. Bh6 Rxa1 20. Qxf8+ Kd7 21. Rxa1 Qxc2 22. Qxf7 1-0